000 01572nam a2200253 a 4500
001 000045187
003 DO-SdBNP
005 20240314193807.0
008 150209s2003 dr 000 0 spa d
040 _aDO-SdBNP
_bspa
_cBNPHU
082 _a353.4
_bR426r
_222
110 1 _aRepública Dominicana.
_bComisionado de Apoyo a la Reforma y Modernización de la Justicia
_917179
245 1 0 _aReforma constitucional :
_bpropuesta integral para el sector judicial /
_cpresentación ; Alejandro Moscoso Segarra ; edición Ramón Jáquez Liriano.
260 _aSanto Domingo :
_bComisionado de Apoyo a la Reforma y Modernización de la Justicia,
_c[2003?].
300 _avii, 73 p ;
_c25 cm.
500 _aMesa Nacional de Decanos de Facultades y Escuelas de Derecho; Comisionado de Apoyo a la Reforma y Modernización de la Justicia.
505 0 _aPresentación --
_tLa Suprema Corte de Justicia en la reforma constitucional --
_tDel Consejo Nacional de la Magistratura al Consejo General del Poder Judicial --
_tEl Consejo de la Magistratura Superior --
_tFortaleciendo la jurisdicción constitucional --
_tEl Ministerio Público en la reforma constitucional --
_tSistema de perfeccionamiento de los tratados internacionales en República Dominicana --
_tPropuesta de reforma constitucional para el sector judicial --
590 _aInventariado, 2022 / DG
650 4 _aREFORMAS CONSTITUCIONALES
_zREPUBLICA DOMINICANA
_98313
700 1 2 _aMoscoso Segarra, Alejandro A
_d1964-
_epres.
_962241
700 1 2 _aJáquez Liriano,Ramón,
_eed.
_973203
910 _aDG
942 _2ddc
_cLBS1
999 _c44676
_d44676